Statistics for Laufey's Discography

Click here to take the quiz!

General Stats

  • This quiz has been taken 49 times
  • The average score is 12 of 21

Answer Stats

HintAnswer% Correct
2023Bewitched
90%
2024Goddess
85%
2022Everything I Know About Love
78%
2022Everything I Know About Love
78%
2023From The Start
78%
2022Valentine
71%
2021Typical Of Me
66%
2020Street By Street
63%
2023A Night At The Symphony
59%
2023A Night To Remember
56%
2021Let You Break My Heart Again
54%
2024Bewitched: The Goddess Edition
49%
2023A Very Laufey Holiday
46%
2021Love Flew Away
46%
2020Someone New
46%
2021Love To Keep Me Warm
44%
2023Christmas With You
41%
2022The Reykjavík Sessions
39%
2023Ain't Christmas
37%
2023Winter Wonderland
37%
2023Valentine (Live at the Symphony)
15%

Score Distribution

Percentile by Number Answered

Percent of People with Each Score

Your Score History

You have not taken this quiz